000
00311nam a22001337a 4500
020
_q
HB.
040
_c
FIZZA ISHAQ
082
_a
006.5
_b
NIT
100
_a
RAJPUT, NITENDRA.
_9
89168
245
_a
SPEECH IN MOBILE /
_c
RAJPUT NITENDRA.
260
_a
NEW DEHLI ;
_c
2012.
300
_a
283 P. ;
942
_2
ddc
_c
BK
999
_c
587988
_d
587988